Thelma / (Record no. 5947)
[ view plain ]
| 000 -LEADER | |
|---|---|
| fixed length control field | 00620nam a2200241 a 4500 |
| 001 - CONTROL NUMBER | |
| JCCL Control Number | 5947 |
| 003 - CONTROL NUMBER IDENTIFIER | |
| JCCL marc code | BD-JhCC |
| 005 - DATE AND TIME OF LATEST TRANSACTION | |
| control field | 20180101183422.0 |
| 008 - FIXED-LENGTH DATA ELEMENTS--GENERAL INFORMATION | |
| fixed length control field | 171231s1962 E a|||| ||a| 000 0 eng d |
| 035 ## - SYSTEM CONTROL NUMBER | |
| system control number | (BD-JhCC) 5947 |
| 040 ## - CATALOGING SOURCE | |
| Original cataloging agency | BD-JhCC |
| Modifying agency | BD-JhCC |
| 041 ## - LANGUAGE CODE | |
| Language code of Book | eng |
| 082 ## - DEWEY DECIMAL CLASSIFICATION NUMBER | |
| Classification number | 839.82372 |
| Author mark and Year | COR 1962 |
| 100 ## - MAIN ENTRY--PERSONAL NAME | |
| Personal name | Corelli, Marie |
| 245 ## - TITLE STATEMENT | |
| Title | Thelma / |
| Statement of responsibility, etc | Marie Corelli; Margaret Maison and Michael West |
| 260 ## - PUBLICATION, DISTRIBUTION, ETC. (IMPRINT) | |
| Place of publication, distribution, etc | LONDON : |
| Name of publisher, distributor, etc | LONGMANS , |
| Date of publication, distribution, etc | 1962 |
| 300 ## - PHYSICAL DESCRIPTION | |
| Pagination | 118 p .: |
| Dimensions | 18 cm . |
| 650 ## - SUBJECT ADDED ENTRY--TOPICAL TERM | |
| Topical term or geographic name as entry element | Princiess, Norway |
| 700 ## - ADDED ENTRY--PERSONAL NAME | |
| Personal name | Maison, Margaret |
| 700 ## - ADDED ENTRY--PERSONAL NAME | |
| Personal name | West, Michael |
| 942 ## - ADDED ENTRY ELEMENTS (KOHA) | |
| Source of classification or shelving scheme | Dewey Decimal Classification |
| Koha item type | Books |
| Source of classification or shelving scheme | Damaged status | Not for loan | Home library | Current library | Shelving location | Date of accession | Total Checkouts | Full call number | Barcode | Date last seen | Copy number | Koha item type |
|---|---|---|---|---|---|---|---|---|---|---|---|---|
| Dewey Decimal Classification | JCC Rouf Library | JCC Rouf Library | General Stacks | 12/31/2017 | 839.82372 COR 1962 | 8409 | 12/31/2017 | C - 1 | Books |